00970nam a2200289 a 450000500170000000800410001704000250005804100080008304400070009109000130009810000290011124501270014026000530026730000100032065000240033065000110035465000300036565000160039565000160041165000160042765000110044365000200045466200130047494200130048799900150050095201650051520200104041527.0140304b1999 ck |||||rm||| 00| 0 spa d aCO-BoIAVHcCO-BoIAVH aspa ack aTEb0102 aVarela Ramírez, Amanda aNuevo enfoque para el control de plagasbintegración ecológica y agronómica en monocultivos y policultivos de café aBogotábPontificia Universidad Javerianac1999 a51 p. aControl biológico aPlagas aInteracción ecológica aAgricultura aMonocultivo aPolicultivo aCafé aAgroecosistemas aColombia cTESIS2z c2060d2060 00102z40708TESISIINV2017aBogotabBogotad2001-01-29eBaptiste, Luis Guillermol0oTE-0102p002555r2012-12-04 00:00:00tEj. 1w2012-12-04xDonacionyTESIS